00614nam a2200181Ia 4500008004100000082001600041100001600057245004200073250000800115260002500123300001200148500002400160650001200184942000700196952010600203952010600309999001700415230524s9999 xx 000 0 und d a658.54bMEY aMike Meyers 0aManaging and Troubleshooting Networks a4TH aNEW DELHIbTMHc2004 aVII;599 aQuantity Number: 2 aComp-Sc cBK 00104070aTATCLbTATCLcGENd2023-05-24l0o658.54 MEYp16991r2023-05-24w2023-05-24yBKzCPEC5203 00104070aTATCLbTATCLcGENd2023-05-24l0o658.54 MEYp16992r2023-05-24w2023-05-24yBKzCPEC5203 c37315d37315